000 00313nam a2200157Ia 4500
100 _aBrahmankar/ D.B.
490 _v2
942 _cBK
654 _amathematics I
245 _aApplied Mathematics-I
260 _bNandu Pub
_c2002
082 _a519
_bBRA
300 _a391
546 _aENGLISH
999 _c21699
_d21699